01485nam a2200313Ia 4500001001200000003000800012006001900020007001500039008004100054020001800095040002100113035002100134050002500155245025400180260004300434300003100477490002700508500013900535504004100674533015200715650004100867650003000908655002900938700001800967700002400985700001901009710001701028856012601045ebr10229736CaPaEBRm u cr cn|||||||||830623s2008 enkac sb 000 0 eng d z9781846637643 aCaPaEBRcCaPaEBR a(OCoLC)64674769514aTK1.A1bC6522 2008eb00aCOMPELh[electronic resource] :bthe international journal of computation and mathematics in electrical and electronic engineering.nVolume 27, Number 2 /cGuest editors: Professor Sergio Lupi, Professor Febrizio Dughiero and Professor Egbert Baake. a[Bradford, England] :bEmerald,c2008. ap. 332-566 :bill., ports.0 aCOMPEL ;vv. 27, no. 2 a"This issue has a special section containing Selected papers from the International Conference on Heating by Electromagnetic sources." aIncludes bibliographical references. aElectronic reproduction.bPalo Alto, Calif. :cebrary,d2009.nAvailable via World Wide Web.nAccess may be limited to ebrary affiliated libraries. 0aElectrical engineeringxMathematics. 0aElectronicsxMathematics. 7aElectronic books.2local1 aLupi, Sergio.1 aDughiero, Febrizio.1 aBaake, Egbert.2 aebrary, Inc.40uhttp://site.ebrary.com/lib/rucke/Doc?id=10229736zAn electronic book accessible through the World Wide Web; click to view